000 00410nam a2200157Ia 4500
008 230312s9999||||xx |||||||||||||| ||und||
020 _a0-07-114053-0
082 _a658.15
_bBRE
100 _aBrealey,Richard A
245 0 _aPrinciples of Corporate Finance
260 _bMcGraw Hill
_aNew York
_c1996
300 _a989
546 _aEng.
650 _aAccounting
_vthe role of the financial manager
942 _cBK
999 _c925
_d925